000 00405pam a2200157a 44500
008 230515b2004 xxu||||| |||| 00| 0 eng d
020 _a81-7381-142-3
041 _aENGLISH
082 _a618.2
100 _aD.C. DUTTA.
245 _aTEXT BOOK OF OBSTETRICS.
250 _a6TH ED
260 _aNULL
_bNEW CENTRAL BOOK AGENCY ( P) LTD.
_c2004
300 _aXVI, I-XIX, 666 ,PB.
650 _aOBSTETRICS.
999 _c504371
_d504371